| 000 | 00838nam a2200253 i 4500 | ||
|---|---|---|---|
| 001 | bg | ||
| 245 | 0 | 0 |
_aEkonometria i badania operacyjne : _bzagadnienia podstawowe / _cred. nauk. Bogusław Guzik. |
| 250 | _aWyd. 3. | ||
| 260 |
_aPoznań : _bWydawnictwo Akademii Ekonomicznej, _c2000. |
||
| 300 |
_a315 s. ; _c24 cm. |
||
| 490 | 1 |
_aMateriały Dydaktyczne / Akademia Ekonomiczna w Poznaniu, _x1427-1117 ; _vnr 81 |
|
| 650 | 9 | _aEkonometria | |
| 650 | 9 | _aBadania operacyjne | |
| 655 | _aPodręczniki akademickie | ||
| 700 | 1 |
_aGuzik, Bogusław _d(1946- ). _eRed. |
|
| 830 | 0 |
_aMateriały Dydaktyczne (Akademia Ekonomiczna w Poznaniu) ; _vnr 81 |
|
| 020 | _a8388222635 | ||
| 040 | _cBPK | ||
| 041 | 0 | _apol | |
| 080 | _a330.43:519.8](075.8) | ||
| 920 | _a83-88222-63-5 | ||
| 942 | _cKS | ||
| 008 | s pl f |000 0 pol | ||
| 999 |
_c53441 _d53441 |
||
| 856 |
_uhttp://koha.tu.koszalin.pl/cgi-bin/koha/opac-detail.pl?biblionumber=53441 _yKatalog online BPK |
||